000 01705cam a22001814a 4500
005 20250605163719.0
008 250528s ||||||||||||||||||||||||d
035 _a24864
040 _aGR-AtMCL
_bgre
_dGR-AtMCL
_eAACR2
245 1 _aForensic Psychotherapy / Crime, Psychodynamics and the Offender Patient
250 _a2nd
260 _bJessica Kingsley Publishers,
_c2000
300 _a716
520 _aThis major compendium (originally published in two volumes) brings together the contributions of over sixty authors and covers all aspects - both theoretical and applied - of this field. Acknowledgements, Mainly Theory, The Criminal Act and Acting Out, Transference and Countertransference: General and Forensic Aspects, Related Disciplines, Psychotic and Borderline Process, The Origins of Rage and Aggression, A Psychodramatic Perspective, Mainly Practice, Forensic Psychotherapy and Its Neighbor, Expectations and Ethics, A Legal Perspective, A Police Perspective, A Probation Perspective, Central Issues, Psychodynamic Approaches to Assessment, Supportive and Interpretive Psychotherapy in Diverse Contents, The Multi-Disciplinary Team, From Our Own Correspondent, Training and Supervision: The Interface with Forensic Psychiatry, Training, Supervision, The Risks of Burnout, Special Challenges, Sex Offending and Perversions, Working with Adolescent Delinquents, The Antisocial Personality Disorders, From Abused to Abuser, Special Settings, Research, The Creative Arts Therapies, An Art Therapist's Inside View, Dramatherapy, Music Therapy, Dance Movement Therapy, A Final Reflection, Appendix, Bibliography, Subject and Autor Index.
942 _cBK
999 _c9701
_d9701